Normal view MARC view
  • Georgeta, Ion

Entry Nombre Personal

Number of records used in: 1

001 - NUMERO DE CONTROL

  • campo de control: 47490

003 - IDENTIFICADOR DE NUMERO DE CONTROL

  • campo de control: UPN

005 - FECHA Y HORA DE LA ÜLTIMA TRANSACCIÓN

  • campo de control: 20221129133615.0

008 - DATOS DE LONGITUD FIJA

  • campo de control de longitud fija: 221129|| acn||aabn | a|a d

024 7# - OTROS IDENTIFICADORES NORMALIZADOS

  • Fuente: orcid
  • Número normalizado o código: 0000-0001-9915-0698

040 ## - FUENTE DE CATALOGACIÓN

  • Agencia original de catalogación: MX-MxUPN

100 ## - ENCABEZAMIENTO - NOMBRE PERSONAL

  • Nombre personal: Georgeta, Ion

370 ## - LUGAR ASOCIADO

  • Associated country: Catalunya, España

371 ## - DIRECCIÓN

  • Electronic mail address: Georgeta.Ion@uab.cat

372 ## - CAMPO DE ACTIVIDAD

  • Field of activity: Ciencias de la educación
  • Field of activity: Investigación educativa. Evaluación educativa.

373 ## - GRUPO ASOCIADO

  • Associated group: Universitad Autónoma de Barcelona
  • Associated group: Centro de Recerca i Estudis pel Desenvolupament Organitzatiu - CRIEDO

374 ## - OCUPACIÓN

  • Occupation: Profesora - Investigadora universitaria

670 ## - FUENTE EN LA QUE SE LOCALIZARON DATOS

  • Cita de la fuente: En sitio web: Universitat Autónoma de Barcelona
  • Información localizada: (Georgeta Ion)
  • Uniform Resource Identifier: https://edo.uab.cat/es/content/georgeta-ion

902 ## - CATALOGADOR

  • Catalogador: BLSM/291122